000 01444nam a2200241Ia 4500
003 Ost
005 20260507075539.0
008 260507s9999||||xx |||||||||||||| ||und||
020 _a9789957323752
040 _cfsecg
041 _aara
082 _a519.53
100 _aالنجار، نبيل جمعة صالح
_eمؤلف
245 0 _aالاحصاء في التربية و العلوم الانسانية مع تطبيقات برمجية SPSS /
_c نبيل جمعة صالح النجار
260 _aعمان:
_bدار الحامد للنشر والتوزيع,
_c2007
300 _a349 صفحة؛
_bإيضاحات ؛
_c24 سم
504 _aبيبليوغرافيا: ص ص.341-349 الملاحق ص.320
520 _aيضم مراجعة لبعض المفاهيم الإحصائية، عرض البيانات الإحصائية، التوزيعات التكرارية، مقايس النزعة المركزية، مقايس التشتت، الإرتباط، الإنحدار، التوزيع الطهي والعلامة المعيارية، التوزيعات المجتمعية الإحتمالية والتوزيعات العينية، تقدير معالم المجتمع من معالم العتبة بإستخدام عينة واحدة ، برنامج التحليل الإحصائي spss
653 _aالإحصاء الوصفي
653 _aالحواسيب
653 _aبرامج الحاسوب
942 _cكتاب
999 _c44854
_d44854